000 01772nam a2200337 c 4500
003 BLK
005 20220317150917.0
008 180411b bul|||||r ||||||| ||bul||
010 _aKNG00197189000
040 _aBLK
041 _aBUL
_cBUL
080 _aЗвезди и звездни системи. Вселена - Космически лъчи, междузвездно пространство, Галактика, Млечен път, космология, извънгалактически системи
_b524
_x
_z524
100 1 _aУайнбъргър, Стивън
_eпърви автор
_9132091
700 1 _aКонстантинов, Людмил
_eпрев. от англ.
_9384588
139 _aУайнбъргър, Стивън
_bУ 13
245 1 0 _aПървите три минути след сътворението
_bЕдин съвр. възглед за възникването на Вселената
_cСтивън Уайнбъргър; прев. от англ. Людмил Константинов.
257 _aUSA
260 София
_bНаука и изкуство
_c1984
_fЯмбол : Г. Димитров
300 _a168 с.
_bс табл., сх., диагр., 4 л. ил.
_c20 см
380 _a5
500 _aОриг. загл. The first three minutes / Steven Weinberger. - 10 112 тир. - Библиогр. с. 156-159 ; Азб. показалец.
650 4 _aВселена - произход и развитие
_9265129
653 _aкосмология
653 _aпроизход на живота
653 _aВселена
852 _aЦб 131474
856 4 _qpdf
_u
856 4 _qpdf
_u
942 _cKNG
_n0
_04
944 _aCR
_c01.12.2016
_kТеодора_Стоянова
944 _aED
_c01.12.2016
_kТеодора_Стоянова
999 _c188171
_d188171